000
00290nam a22001337a 4500
008
181019b xxu||||| |||| 00| 0 eng d
020
_a
0721611796
041
_a
eng
080
_a
617
100
_a
8
101
_a
ORT
245
_a
Pediatric Orthopedics
_c
Renshaw,Th.S
942
_2
udc
_c
BK
999
_c
50229
_d
50229